Manual de filosofía

Salvato in:
Dettagli Bibliografici
Autore principale: Jacques, Amédée; Simon, Jules y Saisset, Émile
Natura: Libro
Lingua:Undetermined
Pubblicazione: París, Francia Librería Hachette y Cía 1872
Soggetti:
Tags: Aggiungi Tag
Nessun Tag, puoi essere il primo ad aggiungerne!!

MARC

LEADER 00000nam a2200000Ia 4500
008 170316s9999 xx 000 0 und d
090 |a H-100 J-2m 
100 |a Jacques, Amédée; Simon, Jules y Saisset, Émile 
245 |a Manual de filosofía 
260 |a París, Francia 
260 |b Librería Hachette y Cía 
260 |c 1872 
300 |a 604 páginas 
650 |a FILOSOFÍA 
650 |a HISTORIA 
650 |a PSICOLOGÍA 
650 |a LÓGICA 
650 |a MORAL 
650 |a TEODICEA 
999 |c 28928  |d 28928 
040 |a cru BVZT 
942 |c 15 D  |h H-100 J-2m  |2 z